[Event "GER Seniors Derby 06th"]
[Site "Wesel Undeloh"]
[Date "2007.04.13"]
[Round "3.21"]
[White "Albert, Bernd"]
[Black "Schmidt, Walter2"]
[Result "0-1"]
[WhiteElo "1379"]
[BlackElo "1630"]
[PlyCount "72"]
[EventDate "2007.04.12"]
[EventType "swiss"]
[EventRounds "7"]
[EventCountry "GER"]
[SourceTitle "EXT 2022"]
[Source "ChessBase"]
[SourceDate "2021.10.06"]
[SourceVersion "1"]
[SourceVersionDate "2021.10.06"]
[SourceQuality "1"]

1. d4 Nf6 2. Nf3 e6 3. e3 d5 4. Bd3 c5 5. c3 Nbd7 6. 0-0 Bd6 7. Nbd2 0-0 8. Qe2 Re8 9. Re1 e5 10. dxe5 Nxe5 11. Nxe5 Rxe5 12. Nf3 Re8 13. b3 Bd7 14. Qc2 Rc8 15. c4 d4 16. Bd2 Bc6 17. Be2 Be4 18. Qb2 dxe3 19. Bxe3 Bxf3 20. Bxf3 Be5 21. Qa3 Bxa1 22. Rxa1 Qb6 23. Rb1 a5 24. Rd1 Qc7 25. g3 b6 26. Qb2 Rcd8 27. Rxd8 Rxd8 28. Bf4 Qe7 29. Bg5 h6 30. Bxf6 Qxf6 31. Qxf6 gxf6 32. Bd5 Kg7 33. Kf1 Re8 34. h4 f5 35. f3 Re3 36. Kg2 Rc3 0-1